000 00386nam a2200145Ia 4500
008 230917s9999||||xx |||||||||||||| ||und||
040 _e82613
_aMAIN
041 _aEnglish
082 _a551 W674S
100 _aWilliams, Peter J
245 4 _aThe surface of the earth: an introduction to geotechnical science
260 _aLondon
_bLongman
_c1982
300 _axi, 212 p.
942 _cBK
999 _c52656
_d52656